01000nam a2200241Ia 450000500170000000800410001702000180005805000250007610000400010124502070014125000170034826000380036530000190040333700100042233800140043249000350044650001120048150500220059350500310061565000370064665000400068365000350072320231102151228.0120630s2009 ck a 000 0 spa d a9789584103949 aHF5415.153bS34 2009 aSCHNARCH KIRBERG, Alejandro.eautor aDesarrollo de nuevos productos y empresasbcreatividad, innovación y marketing : cómo generar, desarrollar e introducir con éxito nuevos productos, servicios o empresascAlejandro Schnarch Kirberg a5a edicion.  aColombiab: Mc Graw Hillc, 2009 a409 páginas  atexto asin medio a(Nuevos Productos y Empresas ) aPlan Flexible Admistración / Adimistración de la produccion (P07-2) / (19 000230, 19 001425, 19 001426) aIncliye índice  aIncluye índce analitico  aProductos nuevos - Mercadotecnia aProductos nuevos - Administración aAdministración industrialÌ